| 000 | 00677nam a2200217 a 4500 | ||
|---|---|---|---|
| 005 | 20230920063950.0 | ||
| 008 | 140217s2011 ag r 000 0 spa d | ||
| 020 | _a9789870602996 | ||
| 035 | _aUPN01000195867 | ||
| 049 | _aCG | ||
| 050 | 4 |
_aLC1091 _bI2.2 |
|
| 100 | 1 |
_aIaies, Gustavo Fabián _934961 |
|
| 245 | 1 | 4 |
_aLos debates de la política educativa en el nuevo milenio : _bconversaciones de los protagonistas de la toma de decisiones / _cGustavo Fabián Iaies. |
| 260 |
_aBuenos Aires : _bAique, _c2011. |
||
| 300 | _a155 p. | ||
| 440 | 0 | _aPolítica y educación | |
| 650 | 4 |
_aEducación y Estado _919 |
|
| 905 | _aLibro | ||
| 999 |
_c167968 _d167968 |
||